|
|
|
|
| LEADER |
00000nam0a2200000 4500 |
| 001 |
118697 |
| 005 |
20231101215504.0 |
| 010 |
|
|
|a 5222094804
|
| 035 |
|
|
|a (RuTPU)RU\TPU\book\128442
|
| 090 |
|
|
|a 118697
|
| 100 |
|
|
|a 20070615d2006 m y0rusy50 ca
|
| 101 |
0 |
|
|a rus
|
| 102 |
|
|
|a RU
|
| 105 |
|
|
|a y j 001zy
|
| 200 |
1 |
|
|a Социология и психология управления
|e учебное пособие
|f М. А. Гулиев, С. Н. Епифанцев, С. Н. Самыгин
|
| 210 |
|
|
|a Ростов-на-Дону
|c Феникс
|d 2006
|
| 215 |
|
|
|a 409 с.
|
| 225 |
1 |
|
|a Высшее образование
|
| 320 |
|
|
|a Литература: с. 407-409.
|
| 330 |
|
|
|a Учебное пособие написано в соответствии с государственным образовательным стандартом высшей школы по дисциплинам «Социология управления» и «Психология управления». Содержание учебного пособия включает основные вопросы и проблемы управления: о природе управления как социального явления; предмете, объекте, функциях, методах социологии и психологии управления; социальном взаимодействии и методах психологического воздействия в процессе управления; природе и стилях лидерства, а также соотношении понятий руководства-подчинения; о трудовой мотивации и управлении ею; конфликтных ситуациях и путях их преодоления и предотвращения в процессе управленческой деятельности и т. д. Данное учебное пособие рекомендуется для студентов высших учебных заведений, обучающихся по социологическим и психологическим дисциплинам, специалистов управленческой сферы, а также для всех, кто интересуется вопросами управления.
|
| 606 |
1 |
|
|a Социология управления
|2 stltpush
|3 (RuTPU)RU\TPU\subj\69555
|9 84357
|
| 606 |
1 |
|
|a Социология управления
|2 stltpush
|3 (RuTPU)RU\TPU\subj\69555
|9 84357
|
| 610 |
1 |
|
|a социология
|
| 610 |
1 |
|
|a психология
|
| 610 |
1 |
|
|a управление
|
| 610 |
1 |
|
|a история
|
| 610 |
1 |
|
|a социальное управление
|
| 610 |
1 |
|
|a персонал
|
| 610 |
1 |
|
|a маркетинг
|
| 610 |
1 |
|
|a управленческая деятельность
|
| 610 |
1 |
|
|a мотивации
|
| 610 |
1 |
|
|a лидерство
|
| 610 |
1 |
|
|a руководители
|
| 610 |
1 |
|
|a конфликты
|
| 610 |
1 |
|
|a учебные пособия
|
| 686 |
|
|
|a С55.37
|v LBC/SL-A
|2 rubbk
|
| 686 |
|
|
|a Ю954я73
|v LBC/SL-A
|2 rubbk
|
| 700 |
|
1 |
|a Гулиев
|b М. А.
|g Муса Ахметович
|
| 701 |
|
1 |
|a Епифанцев
|b С. Н.
|g Сергей Николаевич
|
| 701 |
|
1 |
|a Самыгин
|b С. Н.
|g Сергей Иванович
|
| 801 |
|
1 |
|a RU
|b 63413507
|c 20070615
|g PSBO
|
| 801 |
|
2 |
|a RU
|b 63413507
|c 20150827
|g PSBO
|
| 900 |
|
|
|a Социология и психология управления
|
| 900 |
|
|
|a Психология лидерства
|
| 900 |
|
|
|a Психология лидерства и руководства
|
| 900 |
|
|
|a Психология управления персоналом
|
| 942 |
|
|
|c BK
|
| 951 |
|
|
|a 520000
|
| 959 |
|
|
|a 47/20070604
|d 2
|e 93,00
|f АНЛ:1
|f ЧЗГЛ:1
|